| 000 | 00439 a2200157 4500 | ||
|---|---|---|---|
| 020 | _a0387261419 | ||
| 020 | _a0387261419 | ||
| 040 |
_aDLC _bDLC |
||
| 100 | 1 | _aEl-Bawab, Tarek S. | |
| 245 | 1 | 0 |
_aOptical switching _cTarek S. El-Bawab, editor and principal author |
| 260 |
_aNew York, NY : _bSpringer, _ccop. 2006 |
||
| 300 | _a451 s. | ||
| 650 | 7 | _aOptisk kommunikation | |
| 650 | 7 | _aOptical communication | |
| 942 |
_cBK _k621.3827 ELB _2ddc |
||
| 999 |
_c8231 _d8231 |
||